Presidents of Malta - Statistics

General Stats
  • This quiz has been taken 6 times
  • The average score is 5 of 11
Answer Stats
Term in Office Political Party Answer % Correct
2004-2009 Nationalist Party Eddie Fenech Adami
67%
2009-2014 Labour Party George Abela
67%
2019-2024 Labour Party George Vella
67%
1982-1987 Malta Labour Party Agatha Barbara
50%
1989-1994 Nationalist Party Ċensu Tabone
50%
1999-2004 Nationalist Party Guido de Marco
50%
2014-2019 Labour Party Marie-Louise Coleiro Preca
50%
2024-Present Labour Party Myriam Spiteri Debono
50%
1974-1976 Independent Anthony Mamo
33%
1976-1981 Malta Labour Party Anton Buttigieg
33%
1994-1999 Nationalist Party Ugo Mifsud Bonnici
17%
No matching quizzes found
Score Distribution
Percent of People with Each Score
Percentile by Number Answered
Your Score History
You have not taken this quiz